| 000 | 00969nam a22002177a 4500 | ||
|---|---|---|---|
| 999 |
_c18195 _d18195 |
||
| 003 | AR-CdUCM | ||
| 008 | 190228b ||||| |||| 00| 0 spa d | ||
| 040 |
_aMUNICIPALIDAD PROVINCIAL DEL CUSCO _cBIBLIOTECA MUNICIPAL DEL CUSCO |
||
| 082 |
_a347.8502 / _bG98 _24 ed. |
||
| 100 |
_aGuzmán Ferrer, Fernando. _928966 |
||
| 245 | _aCódigos de procedimientos Civiles / | ||
| 260 |
_aLima : _bCientífica, _c1982. |
||
| 300 |
_a537 - 1512 páginas ; _c21 cm. |
||
| 440 |
_aLegislación Peruana. _928967 |
||
| 505 | _aContenido :t.1. Exposición de motivos -- Antecedentes -- Concordancias -- Proyectos de reforma -- Legislación comparada -- Jurisprudencia -- t.2. Juicio ejecutivo -- Tercerías -- Suspensión de pagos -- Procedimientos no contenciosos -- Remoción de los guardadores ... | ||
| 650 |
_aDisposiciones aplicables. _97110 |
||
| 650 |
_aJuicios. _97111 |
||
| 650 |
_aProcedimientos no consentidos. _97112 |
||
| 942 |
_2ddc _cLIBROS |
||
| 945 |
_arum _d2019-05-13 |
||